000 00951nam a2200253 a 4500
001 000018581
005 20210409114020.0
008 100511s1986 sp a r 000 d spa d
040 _aDO-SdBNP
_bspa
_cBNPHU
082 _a862.62
_bG216b
100 _aGarcía Lorca, Federico,
_d1898-1936
_914727
245 1 0 _aBodas de sangre /
_cFederico García Lorca ; edición, introducción, notas, comentarios y apéndice de Tomás Rodríguez.
260 _aMadrid :
_bAnaya,
_b1986.
300 _a149 p. :
_bil. ;
_c19 cm.
490 1 _aBiblioteca didáctica Anaya
_v19
500 _aIncluye referencias bibliográficas y notas al pie de las páginas.
504 _aBibliografía : p. 150-151
590 _aInventariado, 2019/BT
650 4 _aTeatro español
_93071
650 4 _aLiteratura española
_9632
700 1 _aRodríguez, Tomás,
_eed.
_940179
830 0 _aBiblioteca didáctica Anaya ;
_n19
_940180
910 _aValidado. Control de calidad. MFF
999 _c18101
_d18101